[Event "Augustow Golden Rook op 53rd"]
[Site "Augustow"]
[Date "2011.06.02"]
[Round "8.15"]
[White "Daniel, Damian"]
[Black "Urbanski, Piotr"]
[Result "0-1"]
[WhiteElo "1707"]
[BlackElo "1734"]
[PlyCount "66"]
[EventDate "2011.05.29"]
[EventType "team-swiss"]
[EventRounds "9"]
[EventCountry "POL"]
[SourceTitle "EXT 2023"]
[Source "ChessBase"]
[SourceDate "2022.10.05"]
[SourceVersion "1"]
[SourceVersionDate "2022.10.05"]
[SourceQuality "1"]
[WhiteTeam "Zarow Goniec"]
[BlackTeam "Augustow LKS"]
[WhiteTeamCountry "POL"]
[BlackTeamCountry "POL"]

1. d4 d5 2. c4 c6 3. e3 Nf6 4. Nc3 Nbd7 5. Nf3 e6 6. Qb3 Bd6 7. Bd3 0-0 8. 0-0 dxc4 9. Bxc4 Nb6 10. e4 Nxc4 11. Qxc4 Be7 12. Bf4 b5 13. Qe2 b4 14. Nb1 Qb6 15. Rd1 Ba6 16. Qe1 c5 17. Nbd2 cxd4 18. Nb3 d3 19. Be3 Qb7 20. e5 Nd5 21. Nc5 Bxc5 22. Bxc5 Rfc8 23. Bd6 Rc2 24. Qe4 Qb6 25. Rf1 Rac8 26. Ng5 g6 27. Qh4 h5 28. Qe4 d2 29. Qf3 Qb7 30. Ne4 Bxf1 31. Rxf1 Rxb2 32. Bc5 Qb5 33. Nd6 Qxf1+ 0-1

[Event "Augustow Golden Rook op 53rd"]
[Site "Augustow"]
[Date "2011.05.31"]
[Round "3.7"]
[White "Urbanski, Piotr"]
[Black "Szydelko, Marcin"]
[Result "1/2-1/2"]
[WhiteElo "1734"]
[BlackElo "1835"]
[PlyCount "98"]
[EventDate "2011.05.29"]
[EventType "team-swiss"]
[EventRounds "9"]
[EventCountry "POL"]
[SourceTitle "EXT 2023"]
[Source "ChessBase"]
[SourceDate "2022.10.05"]
[SourceVersion "1"]
[SourceVersionDate "2022.10.05"]
[SourceQuality "1"]
[WhiteTeam "Augustow LKS"]
[BlackTeam "Radkow Giecek"]
[WhiteTeamCountry "POL"]
[BlackTeamCountry "POL"]

1. d4 d5 2. e3 Nf6 3. Bd3 e6 4. Nf3 Be7 5. Nbd2 0-0 6. e4 dxe4 7. Nxe4 Nbd7 8. c3 b6 9. 0-0 Bb7 10. Qc2 h6 11. Bd2 c5 12. h3 Qc7 13. b3 Rac8 14. c4 Qb8 15. Be3 Qa8 16. Nfd2 Rfd8 17. f3 Nh5 18. dxc5 Nxc5 19. Nxc5 Bxc5 20. Bxc5 Rxc5 21. Be4 Rc7 22. Rfd1 Rcd7 23. Bxb7 Qxb7 24. Ne4 Nf4 25. Nf2 Qc7 26. Rxd7 Rxd7 27. Rd1 Qd8 28. Rxd7 Qxd7 29. Qd1 Qxd1+ 30. Nxd1 Kf8 31. Kf2 Ke7 32. Nc3 Kd7 33. Ne2 Nd3+ 34. Ke3 Nb4 35. Nc3 Kc6 36. g4 Nc2+ 37. Kd2 Nb4 38. a3 Na6 39. Nb5 Nc5 40. b4 Nd7 41. Nxa7+ Kb7 42. Nb5 Ne5 43. Kc3 g5 44. Nd4 Ng6 45. c5 bxc5 46. bxc5 Nf4 47. Kc4 Nxh3 48. c6+ Kb6 49. a4 e5 1/2-1/2

[Event "Augustow Golden Rook op 53rd"]
[Site "Augustow"]
[Date "2011.05.30"]
[Round "2.11"]
[White "Wojtowicz, Dawid"]
[Black "Urbanski, Piotr"]
[Result "1-0"]
[WhiteElo "1729"]
[BlackElo "1734"]
[PlyCount "61"]
[EventDate "2011.05.29"]
[EventType "team-swiss"]
[EventRounds "9"]
[EventCountry "POL"]
[SourceTitle "EXT 2023"]
[Source "ChessBase"]
[SourceDate "2022.10.05"]
[SourceVersion "1"]
[SourceVersionDate "2022.10.05"]
[SourceQuality "1"]
[WhiteTeam "Stara Wies Parnas"]
[BlackTeam "Augustow LKS"]
[WhiteTeamCountry "POL"]
[BlackTeamCountry "POL"]

1. d4 d5 2. c4 e6 3. Nc3 Nf6 4. cxd5 exd5 5. Bg5 Be7 6. e3 h6 7. Bh4 0-0 8. Bd3 Be6 9. Nge2 Nbd7 10. 0-0 Ne8 11. Bg3 Bd6 12. Nf4 Ndf6 13. Bc2 Qd7 14. Qd3 c6 15. b3 g6 16. f3 Ng7 17. Rad1 Nfh5 18. Nxe6 Nxe6 19. Be1 Qc7 20. g3 Bxg3 21. hxg3 Nxg3 22. Bf2 Nxf1 23. Rxf1 Ng5 24. Kg2 Qd7 25. Rh1 Kg7 26. Ne2 h5 27. Bg3 f5 28. Bh4 Ne6 29. Rg1 Rae8 30. e4 dxe4 31. fxe4 1-0

[Event "Augustow qual zone MPJ+OOM U17"]
[Site "Augustow"]
[Date "2009.10.08"]
[Round "4.1"]
[White "Kalejta, Arkadiusz"]
[Black "Urbanski, Piotr"]
[Result "0-1"]
[WhiteElo "1622"]
[BlackElo "1722"]
[PlyCount "92"]
[EventDate "2009.10.04"]
[EventType "tourn"]
[EventRounds "4"]
[EventCountry "POL"]
[SourceTitle "EXT 2023"]
[Source "ChessBase"]
[SourceDate "2022.10.05"]
[SourceVersion "1"]
[SourceVersionDate "2022.10.05"]
[SourceQuality "1"]

1. e4 Nf6 2. e5 Nd5 3. c4 Nb6 4. c5 Nd5 5. Nc3 e6 6. d4 d6 7. cxd6 cxd6 8. Nf3 Nc6 9. exd6 Bxd6 10. Bd3 h6 11. 0-0 0-0 12. Qe2 Re8 13. Rd1 Nce7 14. Ne5 Bxe5 15. dxe5 Nxc3 16. bxc3 Qc7 17. Bb5 Nc6 18. Ba3 a6 19. Bd6 Qb6 20. Bd3 Qa5 21. Qe4 g6 22. h4 h5 23. g4 hxg4 24. h5 Ne7 25. Qxg4 Kg7 26. Bxe7 Rxe7 27. Bxg6 fxg6 28. Qxg6+ Kh8 29. h6 Qc7 30. Qf6+ Kh7 31. Rd3 Rf7 32. Qg5 b5 33. Rg3 Bb7 34. Rd1 Raf8 35. Qg6+ Kh8 36. Qxe6 Qc6 37. Qh3 Rxf2 38. h7 R2f7 39. Rg8+ Rxg8+ 40. hxg8Q+ Kxg8 41. Rd8+ Kg7 42. Qg3+ Qg6 43. Qxg6+ Kxg6 44. Rd6+ Kf5 45. e6 Re7 46. Rd7 Kxe6 0-1

[Event "POL-ch U16"]
[Site "Leba"]
[Date "2008.04.03"]
[Round "8"]
[White "Zielinski, Wojciech"]
[Black "Urbanski, Piotr"]
[Result "1-0"]
[WhiteElo "1901"]
[BlackElo "1786"]
[PlyCount "53"]
[EventDate "2008.03.29"]
[EventType "swiss"]
[EventRounds "11"]
[EventCountry "POL"]
[SourceTitle "CBM 123 Extra"]
[Source "ChessBase"]
[SourceDate "2008.05.06"]
[SourceVersion "1"]
[SourceVersionDate "2008.05.06"]
[SourceQuality "1"]

1. e4 Nf6 2. e5 Nd5 3. d4 d6 4. c4 Nb6 5. f4 dxe5 6. fxe5 Nc6 7. Be3 Bf5 8. Nc3 e6 9. Nf3 Be7 10. d5 exd5 11. cxd5 Nb4 12. Nd4 Bg6 13. Bb5+ Kf8 14. 0-0 Kg8 15. e6 N4xd5 16. exf7+ Bxf7 17. Nxd5 Nxd5 18. Rxf7 Nxe3 19. Qb3 Qxd4 20. Rxe7+ Nd5+ 21. Kh1 c6 22. Rd1 Qc5 23. Rxb7 g6 24. Bxc6 Qxc6 25. Rxd5 Kf8 26. Rd8+ Rxd8 27. Qf7# 1-0

[Event "POL-ch U16"]
[Site "Leba"]
[Date "2008.04.02"]
[Round "6"]
[White "Pilarski, Dawid"]
[Black "Urbanski, Piotr"]
[Result "1/2-1/2"]
[WhiteElo "1748"]
[BlackElo "1786"]
[PlyCount "115"]
[EventDate "2008.03.29"]
[EventType "swiss"]
[EventRounds "11"]
[EventCountry "POL"]
[SourceTitle "CBM 123 Extra"]
[Source "ChessBase"]
[SourceDate "2008.05.06"]
[SourceVersion "1"]
[SourceVersionDate "2008.05.06"]
[SourceQuality "1"]

1. e4 e5 2. Nf3 Nc6 3. Bc4 Bc5 4. Nc3 Nf6 5. d3 h6 6. Be3 Bb6 7. h3 d6 8. 0-0 Be6 9. Bb3 0-0 10. Qd2 Nh7 11. Nh2 Bxb3 12. axb3 f5 13. exf5 Rxf5 14. Ng4 h5 15. Nh2 d5 16. Bxb6 cxb6 17. Ne2 h4 18. Ng4 Nf6 19. f3 Nxg4 20. hxg4 Rf6 21. Qg5 Re6 22. Qxd8+ Rxd8 23. Kf2 e4 24. dxe4 dxe4 25. f4 Rd2 26. c3 Rxb2 27. Rfb1 Rd2 28. Rd1 e3+ 29. Kf3 Red6 30. Rh1 Rb2 31. Rxh4 Rdd2 32. Re1 Na5 33. Kxe3 Nxb3 34. f5 Nc5 35. g5 Nd3 36. Rg1 Rxe2+ 37. Kxd3 Rbd2+ 38. Kc4 Re5 39. Rf4 b5+ 40. Kb3 a5 41. f6 gxf6 42. gxf6 Ree2 43. Rb1 b6 44. g4 a4+ 45. Ka3 Ra2+ 46. Kb4 Rab2+ 47. Rxb2 Rxb2+ 48. Ka3 Rb3+ 49. Ka2 Rxc3 50. g5 Rg3 51. Rf5 b4 52. Rb5 Rg2+ 53. Kb1 b3 54. Rxb6 Rxg5 55. Kb2 Rg2+ 56. Kb1 Rg4 57. Rb7 Rf4 58. Ra7 1/2-1/2

[Event "POL-ch U16"]
[Site "Leba"]
[Date "2008.04.02"]
[Round "7"]
[White "Urbanski, Piotr"]
[Black "Wasiluk, Robert"]
[Result "1/2-1/2"]
[WhiteElo "1786"]
[BlackElo "1725"]
[PlyCount "98"]
[EventDate "2008.03.29"]
[EventType "swiss"]
[EventRounds "11"]
[EventCountry "POL"]
[SourceTitle "CBM 123 Extra"]
[Source "ChessBase"]
[SourceDate "2008.05.06"]
[SourceVersion "1"]
[SourceVersionDate "2008.05.06"]
[SourceQuality "1"]

1. d4 d5 2. e3 e6 3. Bd3 Nf6 4. Nf3 Bd6 5. Nbd2 Nbd7 6. e4 dxe4 7. Nxe4 Nxe4 8. Bxe4 Nf6 9. Bg5 h6 10. Bxf6 Qxf6 11. 0-0 0-0 12. Re1 Rb8 13. c3 b6 14. Qd2 Rd8 15. Qc2 c5 16. Rad1 Bb7 17. Bxb7 Rxb7 18. dxc5 Bxc5 19. Rxd8+ Qxd8 20. Rd1 Rd7 21. Rxd7 Qxd7 22. Qd2 Qxd2 23. Nxd2 f5 24. Nb3 Bd6 25. g3 Kf7 26. Kg2 Kf6 27. Kf3 g5 28. h3 Ke5 29. a4 a5 30. Nd2 Kd5 31. Ke3 e5 32. f3 f4+ 33. gxf4 exf4+ 34. Kd3 Bc5 35. Ne4 Be7 36. Nd2 Bd6 37. Nc4 Bc5 38. b4 axb4 39. cxb4 Bxb4 40. Nxb6+ Ke5 41. Nc4+ Kf5 42. a5 Bc5 43. a6 Kg6 44. Ne5+ Kh5 45. Ng4 Kh4 46. Nxh6 Kxh3 47. Nf7 g4 48. fxg4 Kxg4 49. Ke2 f3+ 1/2-1/2

[Event "POL-ch PL+LU U15"]
[Site "Augustow"]
[Date "2007.10.09"]
[Round "6.3"]
[White "Kalejta, Arkadiusz"]
[Black "Urbanski, Piotr"]
[Result "0-1"]
[WhiteElo "1635"]
[BlackElo "1738"]
[PlyCount "88"]
[EventDate "2007.10.08"]
[EventType "tourn"]
[EventRounds "6"]
[EventCountry "POL"]
[SourceTitle "EXT 2023"]
[Source "ChessBase"]
[SourceDate "2022.10.05"]
[SourceVersion "1"]
[SourceVersionDate "2022.10.05"]
[SourceQuality "1"]

1. e4 Nf6 2. e5 Nd5 3. c4 Nb6 4. c5 Nd5 5. Nc3 Nxc3 6. dxc3 d6 7. Bc4 e6 8. cxd6 cxd6 9. Nf3 d5 10. Bd3 Be7 11. Qc2 h6 12. h4 Nc6 13. h5 Qc7 14. Bf4 Bd7 15. g4 0-0-0 16. 0-0-0 Qb6 17. Be3 Bc5 18. Bxc5 Qxc5 19. Rhe1 Kb8 20. Kb1 Rc8 21. Qe2 Na5 22. Nd4 Nc4 23. Bxc4 Qxc4 24. f4 Qc5 25. Rf1 Qb6 26. f5 Rxc3 27. fxe6 Bxe6 28. Nxe6 fxe6 29. Rd3 Rxd3 30. Qxd3 Rc8 31. Qa3 Qc7 32. Qd6 Rd8 33. Qxe6 d4 34. Rf7 Qa5 35. Qe7 Qe1+ 36. Kc2 Rc8+ 37. Kb3 Qd1+ 38. Kb4 Qd2+ 39. Ka3 Qd3+ 40. Ka4 Rc4+ 41. b4 Qc2+ 42. Kb5 a6+ 43. Kb6 Rc6+ 44. Ka5 Qxa2# 0-1

[Event "POL-ch PL+LU U15"]
[Site "Augustow"]
[Date "2007.10.09"]
[Round "2.1"]
[White "Krzyzopolski, Patryk"]
[Black "Urbanski, Piotr"]
[Result "1/2-1/2"]
[WhiteElo "1800"]
[BlackElo "1738"]
[PlyCount "25"]
[EventDate "2007.10.08"]
[EventType "tourn"]
[EventRounds "6"]
[EventCountry "POL"]
[SourceTitle "EXT 2023"]
[Source "ChessBase"]
[SourceDate "2022.10.05"]
[SourceVersion "1"]
[SourceVersionDate "2022.10.05"]
[SourceQuality "1"]

1. d4 Nf6 2. c4 e6 3. Nc3 Bb4 4. Qc2 d5 5. Bd2 0-0 6. e3 dxc4 7. Bxc4 b6 8. Nf3 Bb7 9. Be2 Nbd7 10. 0-0 Re8 11. Rac1 c5 12. dxc5 Nxc5 13. a3 1/2-1/2

[Event "Augustow op"]
[Site "Augustow"]
[Date "2007.08.27"]
[Round "6.4"]
[White "Urbanski, Piotr"]
[Black "Sowul, Bartosz"]
[Result "0-1"]
[WhiteElo "1738"]
[BlackElo "1957"]
[PlyCount "56"]
[EventDate "2007.08.24"]
[EventType "swiss"]
[EventRounds "9"]
[EventCountry "POL"]
[SourceTitle "EXT 2023"]
[Source "ChessBase"]
[SourceDate "2022.10.05"]
[SourceVersion "1"]
[SourceVersionDate "2022.10.05"]
[SourceQuality "1"]

1. d4 Nf6 2. e3 g6 3. Bd3 Bg7 4. Nd2 d6 5. Ngf3 0-0 6. 0-0 Nc6 7. c3 e5 8. Qc2 Ne8 9. Nc4 e4 10. Bxe4 d5 11. Bxd5 Qxd5 12. b3 Nf6 13. Re1 Re8 14. Nfe5 Nxe5 15. Nxe5 b6 16. f3 Bb7 17. e4 Qd8 18. Bf4 Nh5 19. Nd3 Ba6 20. Be3 g5 21. Nf2 Nf4 22. Qd2 Re6 23. Bxf4 gxf4 24. Rad1 Qh4 25. c4 Rae8 26. Ng4 h5 27. Nf2 Bc8 28. Nd3 Bxd4+ 0-1

[Event "Augustow op"]
[Site "Augustow"]
[Date "2007.08.26"]
[Round "4.3"]
[White "Urbanski, Piotr"]
[Black "Daciuk, Slawomir"]
[Result "1/2-1/2"]
[WhiteElo "1738"]
[BlackElo "2043"]
[PlyCount "118"]
[EventDate "2007.08.24"]
[EventType "swiss"]
[EventRounds "9"]
[EventCountry "POL"]
[SourceTitle "EXT 2023"]
[Source "ChessBase"]
[SourceDate "2022.10.05"]
[SourceVersion "1"]
[SourceVersionDate "2022.10.05"]
[SourceQuality "1"]

1. d4 d5 2. e3 Nf6 3. Bd3 Bg4 4. Nf3 Nbd7 5. Nbd2 e5 6. dxe5 Nxe5 7. Be2 Nxf3+ 8. Nxf3 Bc5 9. 0-0 0-0 10. Nd4 Qd7 11. Bxg4 Nxg4 12. h3 Nf6 13. b3 Ne4 14. Bb2 f5 15. Ne2 Nxf2 16. Rxf2 Bxe3 17. Bd4 Bxf2+ 18. Bxf2 f4 19. Nd4 Rf6 20. Nf3 Re8 21. Qd2 Qf5 22. Rd1 c6 23. Bxa7 g5 24. Re1 Rxe1+ 25. Qxe1 Re6 26. Qa5 Re8 27. Qc7 h5 28. Bd4 Qf7 29. Qd6 g4 30. Qh6 Qh7 31. Qg5+ Kf8 32. Ne5 Rxe5 33. Qxe5 Qxc2 34. Qxf4+ Ke7 35. Qf6+ Kd7 36. Qf7+ Kd6 37. Qf4+ Kd7 38. hxg4 Qd1+ 39. Kh2 hxg4 40. Qf5+ Kd6 41. Be5+ Kc5 42. Qf8+ Kb5 43. a4+ Ka6 44. Qa8+ Kb6 45. a5+ Kc5 46. Qa7+ Kb4 47. Qxb7+ Ka3 48. Qf7 Qe1 49. Bg3 Qxa5 50. Qf4 Qb4 51. Qxb4+ Kxb4 52. Bf4 Kxb3 53. Kg3 d4 54. Kxg4 c5 55. Kf3 d3 56. Kf2 Kc2 57. Ke1 c4 58. Bd2 c3 59. Bxc3 Kxc3 1/2-1/2